00556nam a2200193 a 4500001001300000003000900013005001700022008004100039020001000080082001300090100002000103245007900123260003400202300000900236500003500245505003900280650002300319700002000342nice12345678IN_TiNIC20260116011321.0050524s1926 oxfa grp 000 0 eng  ac10000a229bJAM aJames, M Rhodes aApocryphal New Testamentb Being the Gospels, Acts Epistles, @ Apocalypses aOxfordbClarendon Pressc1926 a584p aincludes index and biblioraphy2 aBibliography, Index, General Index aApocryphal Gospels1 aJames, M Rhodes